|
|
|
|
| LEADER |
00000nab a2200000 a 4500 |
| 001 |
vtls008945423 |
| 003 |
SK-MaSNL |
| 005 |
20260304140122.0 |
| 008 |
250505c2006 xo mr|p|||||||000 b|slo |
| 015 |
|
|
|a SNBRB2007/02
|
| 035 |
|
|
|a (uuid)5c782692-a6d7-43b1-8623-65033e4f078d
|
| 035 |
|
|
|a urn:nbn:sk:snk-abzd3
|
| 035 |
|
|
|a (urnnbn)urn:nbn:sk:snk:ar-a06e1e
|
| 038 |
|
|
|a SNKBUCL
|
| 040 |
|
|
|a SNKBUCL
|b slo
|c SNKBUCL
|e AACR2
|
| 041 |
0 |
|
|a slo
|
| 044 |
|
|
|a xo
|c SK
|
| 080 |
|
|
|a 353.2
|2 1997
|
| 100 |
1 |
|
|a Nič, Milan,
|d 1946-
|4 aut
|9 228870
|
| 245 |
1 |
0 |
|a Rozvoj Košického samosprávneho kraja
|c Milan Nič, Peter Ťapák, Peter Burger
|
| 300 |
|
|
|a Tab., obr.
|
| 610 |
2 |
7 |
|a Košický samosprávny kraj (Slovensko).
|b Úrad
|2 snkbucl
|9 30611
|
| 650 |
0 |
7 |
|a regionálny rozvoj
|2 snkbucl
|9 2352
|
| 700 |
1 |
|
|a Ťapák, Peter
|4 aut
|9 317395
|
| 700 |
1 |
|
|a Burger, Peter
|4 aut
|9 435946
|
| 773 |
0 |
|
|t Almanach znalca
|g Roč. IV, č. 3 (2006), s. 4-14
|x 1336-3174
|
| 850 |
|
|
|a Slovenská národná knižnica
|
| 852 |
|
|
|a Slovenská národná knižnica
|
| 954 |
|
|
|a odborná, vedecká literatúra pôvodná (slovenská)
|2 lita
|
| 958 |
|
|
|a article2022
|
| 958 |
|
|
|a SK
|
| 958 |
|
|
|a OND
|
| 958 |
|
|
|a EUIPO
|
| 999 |
|
|
|c 2913739
|d 2915669
|